Countries With a North Korean Embassy - Statistics

General Stats
  • This quiz has been taken 83 times
  • The average score is 54 of 73
Answer Stats
Country % Correct
China Extant
97%
Russia Extant
97%
United Kingdom Extant
96%
Iran Extant
90%
Vietnam Extant
89%
Cambodia Extant
88%
India Extant
88%
Laos Extant
86%
Spain 2023
86%
Brazil Extant
85%
Cuba Extant
85%
Mexico Extant
85%
Pakistan Extant
85%
Thailand Extant
85%
Belarus Extant
83%
Egypt Extant
83%
Germany Extant
83%
Sweden Extant
83%
Indonesia Extant
82%
Malaysia 2021
82%
Mongolia Extant
82%
Ukraine 1998
82%
Finland 1998
81%
Kazakhstan 1998
81%
Norway 1976
81%
Romania Extant
81%
Algeria Extant
79%
Australia 2008
79%
Austria Extant
79%
Libya 2024
79%
Italy Extant
79%
Myanmar Extant
79%
Poland Extant
79%
Switzerland Extant
79%
Bangladesh 2023
78%
Argentina 1977
78%
Singapore Extant
78%
South Africa Extant
76%
Czechia Extant
75%
Portugal 1995
75%
Syria Extant
75%
Venezuela Extant
75%
Democratic Republic of the Congo 2023
74%
Ethiopia Extant
74%
Nepal 2023
74%
Peru 2017
74%
Uzbekistan 2016
74%
Chile 1973
72%
Denmark 1998
72%
Hungary 1995
72%
Bulgaria Extant
68%
Angola 2023
68%
Nigeria Extant
68%
Zambia 1995
67%
Zimbabwe 1998
67%
Nicaragua 1995
67%
Tunisia 1995
65%
Mozambique 1995
64%
Tanzania Extant
64%
Ghana 1998
63%
Jordan 1998
60%
Mali 1998
58%
Uganda 2023
58%
Senegal 2023
57%
Kuwait Extant
56%
Benin 1993
54%
Togo 1998
54%
Cameroon 1995
53%
Guinea 2023
53%
Madagascar 2002
51%
Namibia 1994
51%
Jamaica 1993
47%
Equatorial Guinea Extant
43%
No matching quizzes found
Score Distribution
Percent of People with Each Score
Percentile by Number Answered
Your Score History
You have not taken this quiz